| 000 | 02474nam a2200385 i 4500 | ||
|---|---|---|---|
| 003 | DO-SdBNP | ||
| 005 | 20231109094526.0 | ||
| 007 | ta | ||
| 008 | 220208e2021 dr ao||gr|||| 001 edspa d | ||
| 020 | _a9789945221213 | ||
| 040 |
_aDO-SdBNP _bspa _cBNPHU _erda |
||
| 082 | 4 |
_a394.25097293 _bT266c, 2021 _222 |
|
| 100 | 1 |
_aTejeda Ortíz, Dagoberto, _d1940- _91575 _eautor |
|
| 245 | 1 | 3 |
_aEl carnaval dominicano : _bantecedentes, tendencias y perspectivas / _cDagoberto Tejeda Ortiz ; fotografía, Mariano Hernández ; corrector de estilo Amarilis Mota de Tejeda |
| 250 | _a2a. ed. | ||
| 264 |
_aSanto Domingo : _bInstituto Panamericano de Geografía e Historia, _c2021. |
||
| 300 |
_a704 páginas : _bilustraciones, fotos; _c25 cm. |
||
| 336 |
_2rdacontent _atexto _btxt |
||
| 337 |
_2rdamedia _asin mediación _bn |
||
| 338 |
_2rdacarrier _avolumen _bnc |
||
| 500 | _aIncluye datos biográficos del autor en la solapa de la cubierta. | ||
| 504 | _aBibliografía : p. 687- 701 | ||
| 505 | 0 |
_aIntroducción -- _gCapítulo I. _tAntecedentes históricos del carnaval.-- _gCapítulo II-- _tAntecedentes del carnaval dominicano.-- _gCapítulo III-- _tEl carnaval colonial.-- _gCapítulo IV.-- _tEl carnaval: desde la Independencia hasta la Primera Intervención Norteamericana.-- _gCapítulo V-- _tEl carnaval y la era de Trujillo.-- _gCapítulo VI-- _tPostrujillismo y carnaval.-- _gCapítulo VII-- _tPersonajes, comparsas, carrozas y máscaras del carnaval dominicano.-- _gCapítulo VIII-- _tCaracterísticas de los carnavales locales.-- _gCapítulo IX-- _tEl carnaval "cimarrón" dominicano.-- _gCapítulo X-- _tTendencias y perspectiva del carnaval dominicano.-- _gCapítulo XI-- _t¿Hacia dónde va el carnaval dominicano.?.-- _tCitas bibliográficas.-- _tBibliografía.-- _tPublicaciones Instituto Panamericano de Geografía e Historia (IPGH) Sección Nacional Dominicana. |
|
| 590 | _aInvenetariado 2023/BT | ||
| 650 | 4 |
_aFolcklor _zRepública Dominicana _981174 |
|
| 650 | 4 |
_aCarnaval dominicano _981175 |
|
| 650 | 4 |
_aRepública Dominicana -- Vida social y costumbres _981176 |
|
| 650 | 4 |
_aIdentidad cultural _981177 |
|
| 650 | 4 |
_aCarnaval _912251 _zRepública Dominicana _xHistoria |
|
| 700 | 1 |
_959875 _aHernández, Mariano, _efotografía |
|
| 700 | 1 |
_aMota Tejeda, Amarilis de, _ecorrector de estilo _981781 |
|
| 710 | 2 |
_aInstituto Panamericano de Geografía e Historia. Sección Nacional de Dominicana, _981286 |
|
| 910 | _aBtavárez/Validado. Control de calidad MFF | ||
| 942 |
_2ddc _cLBS1 |
||
| 999 |
_c51374 _d51374 |
||